| 000 | 01399pam a2200349 a 4500 | ||
|---|---|---|---|
| 001 | 3997188 | ||
| 003 | ARRUPE | ||
| 005 | 20140117145735.0 | ||
| 008 | 960305s1996 enk b 001 0 eng | ||
| 010 | _a 96012660 | ||
| 020 | _a0750704713 (cased : acidfree) | ||
| 020 | _a0750704721 (paper : acidfree) | ||
| 040 |
_aDLC _cDLC _dDLC |
||
| 043 |
_an-us--- _ae-uk-en _ae-uk-wl |
||
| 050 | 0 | 0 |
_aLC501 _b.C594 1996 |
| 082 | 0 | 0 |
_a377/.82 _220 |
| 100 |
_aMcLaughlin, Terence, _96717 |
||
| 245 | 0 | 4 |
_aThe contemporary Catholic school : _bcontext, identity, and diversity / _cedited by Terence H. McLaughlin, Joseph O'Keefe, and Bernadette O'Keeffe. |
| 260 |
_aLondon ; _aWashington, D.C. : _bFalmer Press, _c1996. |
||
| 300 |
_avi, 320 p. ; _c24 cm. |
||
| 504 | _aIncludes bibliographical references and index. | ||
| 650 | 0 |
_aCatholic schools _zUnited States. _96718 |
|
| 650 | 0 |
_aCatholic schools _zEngland. _96719 |
|
| 650 | 0 |
_aCatholic schools _zWales. _96720 |
|
| 700 | 1 |
_aMcLaughlin, Terence, _cBrother. _96721 |
|
| 700 | 1 |
_aO'Keefe, Joseph. _96722 |
|
| 700 | 1 |
_aO'Keeffe, Bernadette. _96723 |
|
| 856 | 4 | 2 |
_3Publisher description _uhttp://www.loc.gov/catdir/enhancements/fy0652/96012660-d.html |
| 906 |
_a7 _bcbc _corignew _d1 _eocip _f19 _gy-gencatlg |
||
| 942 |
_2lcc _cMONOGRAPH |
||
| 999 |
_c119586 _d119586 |
||